Farmers oppose demolition of flood barriers (Record no. 69911)

MARC details
000 -LEADER
fixed length control field 00963cam a2200193 4500
001 - CONTROL NUMBER
control field WB3812-31
008 - FIXED-LENGTH DATA ELEMENTS--GENERAL INFORMATION
fixed length control field 020404n2002 000 0 eng u
035 ## - SYSTEM CONTROL NUMBER
System control number (Sirsi) u117346
245 ## - TITLE STATEMENT
Title Farmers oppose demolition of flood barriers
260 ## - PUBLICATION, DISTRIBUTION, ETC.
-- 2002
490 ## - SERIES STATEMENT
Series statement Farmers' Weekly
Volume/sequential designation 136 (13) 29 March 2002, 12(1)
520 ## - SUMMARY, ETC.
Summary, etc. Gloucester City Council and local farmers have disagreed over plans to demolish flood barriers on the banks of the River Severn. Proposals are part of a council response to draft flood management plans being drawn up by the Environment Agency. New water meadows created would be expected to soak up excess rainwater and reduce threat to local housing. However, farmers would have to cease arable farming in the areas affected. Council and Environment Agency are considering the proposals.
590 ## - LOCAL NOTE (RLIN)
Local note WB
650 ## - SUBJECT ADDED ENTRY--TOPICAL TERM
Topical term or geographic name entry element FARMING
650 ## - SUBJECT ADDED ENTRY--TOPICAL TERM
Topical term or geographic name entry element FLOOD MANAGEMENT
650 ## - SUBJECT ADDED ENTRY--TOPICAL TERM
Topical term or geographic name entry element WATER MEADOWS
690 ## - LOCAL SUBJECT ADDED ENTRY--TOPICAL TERM (OCLC, RLIN)
Topical term or geographic name as entry element Rural
9 (RLIN) 6268
942 ## - ADDED ENTRY ELEMENTS (KOHA)
Suppress in OPAC 0
Holdings
Withdrawn status Lost status Source of classification or shelving scheme Damaged status Not for loan Home library Current library Shelving location Date acquired Total Checkouts Full call number Barcode Date last seen Copy number Price effective from Koha item type
    Dewey Decimal Classification     London London News article 04/04/2002   WB3812-31 117346-1001 06/08/2019 1 06/08/2019 News article